000 00329nam a2200133Ia 4500
005 20260326235445.0
008 260326s9999||||xx |||||||||||||| ||und||
100 _aRuipérez, Martín S
245 0 _aSalamanca /
_cMartín S Ruipérez
260 _bSeix Barral
300 _a183 p.
650 _aARQUITECTURA REGIONAL
942 _cBK
999 _c7543
_d7543